000 00701nam a2200229 a 4500
005 20260326064049.0
008 991125n1978 mx 000 0 spa u
035 _aUPN01000045244
049 _aF
050 4 _aPN1270 M3
_bno.9
100 1 _aHuerta, Efraín,
_d1914-1982
_928769
245 1 0 _aPoemas /
_cEfraín Huerta ; selec. del autor
260 _aMéxico :
_bUNAM, Dirección General de Difusión Cultural, Departamentode Humanidades,
_c1978
300 _a36 p
440 0 _aMaterial de lectura. Poesía moderna;
_v9
650 4 _aPoesía mexicana
_91273
650 4 _aPoesía moderna
_91291
902 _aCAROLINA
902 _aGUADALUPE SANCHEZ
904 _aAC
_b045246
905 _aLibro
999 _c45244
_d45244